Non-Rectangular Flags #1 - Statistics

General Stats
  • This quiz has been taken 81 times
  • The average score is 7 of 16
Answer Stats
Picture Hint Answer % Correct
Country Nepal
97%
U.S. state Ohio
87%
Country (War ensign) Norway
85%
Italian city Venice
68%
Former country Qing China
66%
Country's former flag Mongolia
58%
U.S. city Tampa
51%
Country's former flag India
28%
Island Nantucket
28%
Country's former flag Ethiopia
21%
Former country Maratha Empire
21%
Former subdivision Tunis
21%
Russian city Irkutsk
18%
Former country Timurid Empire
18%
Former country Asir
11%
Former country Novgorod Republic
10%
No matching quizzes found
Score Distribution
Percent of People with Each Score
Percentile by Number Answered
Your Score History
You have not taken this quiz